Größte Zementexporteure der Welt - Statistiken

Allgemein
  • Dieses Quiz wurde 38 mal gespielt
  • Das Durchschnittsergebnis liegt bei 5 aus 10
Antwortstatistiken
Exporte (in Mio. €) Land Weltmarktanteil % Korrekt
416 China 4,3%
97%
467 Deutschland 4,9%
84%
277 Japan 2,9%
73%
454 Kanada 4,7%
62%
369 Spanien 3,8%
54%
324 Iran 3,4%
46%
520 Türkei 5,4%
46%
468 Vereinigte Arabische Emirate 4,9%
24%
537 Thailand 5,6%
22%
984 Vietnam 10,2%
16%
Keine übereinstimmenden Quizze gefunden
Verteilung der Resultate
Anzahl Personen mit jedem Resultat
Perzentil nach korrekt beantworteten Fragen
Ihre Resultats-Entwicklung
Sie haben dieses Quiz noch nicht gespielt